Stations de Train, RER, Métro et Tramway des Hauts de Seine - Statistiques

Statistiques générales
  • Ce quiz a été pris 107 fois
  • Le résultat moyen est 62 sur 114
Statistiques - réponses
Hint Réponse % Correct
M1 Esplanade de La Défense
88%
M10 Boulogne - Pont de Saint-Cloud
86%
RER A, E, Ligne L, U, M1, T2 La Défense
86%
T2 Parc de Saint-Cloud
86%
T2 Musée de Sèvres
84%
M9 Pont de Sèvres
84%
Ligne L Clichy - Levallois
82%
M12 Mairie d'Issy
82%
RER E Nanterre - La Folie
82%
RER A Nanterre - Préfecture
82%
RER A, Ligne L Nanterre - Université
82%
RER A Nanterre - Ville
82%
T2 Suresnes - Longchamp
82%
Ligne L, U Suresnes - Mont Valérien
82%
RER C Issy
80%
RER C, T2 Issy - Val de Seine
80%
RER B Antony
78%
M10 Boulogne - Jean Jaurès
78%
RER C Chemin d'Antony
78%
M13 Mairie de Clichy
78%
Ligne L, U, T2 Puteaux
78%
Ligne N Sèvres - Rive Gauche
78%
Ligne L, U Sèvres - Ville d'Avray
78%
T1 Asnières - Quatre Routes
74%
Ligne J, L Asnières-sur-Seine
74%
Ligne J Bois-Colombes
74%
Ligne L La Garenne-Colombes
74%
RER B Parc de Sceaux
74%
Ligne L, U Saint-Cloud
74%
Ligne J Colombes
70%
Ligne N Vanves - Malakoff
70%
Ligne L Bécon-lès-Bruyères
68%
M13, T6 Chatillon - Montrouge
68%
Ligne L, U Chaville - Rive Droite
68%
Ligne N Chaville - Rive Gauche
68%
Ligne L Courbevoie
68%
Ligne N Meudon
68%
T6 Meudon-la-Forêt
68%
T2 Meudon-sur-Seine
68%
RER C Meudon - Val Fleury
68%
T6 Parc André Malraux
68%
T1 Parc des Chantereines
68%
T10 Parc des Sports
68%
T2 Parc Pierre Lagravère
68%
M3 Pont de Levallois - Bécon
68%
RER A Rueil-Malmaison
68%
RER C, T1 Gennevilliers
66%
M3 Anatole France
64%
RER B Bagneux
64%
M4 Bagneux - Lucie Aubrac
64%
M13 Malakoff - Plateau de Vanves
64%
M13 Malakoff - Rue Etienne Dolet
64%
M1 Pont de Neuilly
62%
RER B Robinson
62%
RER B Sceaux
62%
Ligne L Garches - Marnes-la-Coquette
60%
M13, T1 Les Courtilles
60%
M1 Les Sablons
60%
M4 Mairie de Montrouge
60%
M9 Billancourt
58%
M13 Gabriel Péri
58%
M4 Barbara
56%
RER B, T10 La Croix de Berny
56%
Ligne L Les Vallées
56%
M9 Marcel Sembat
56%
T6 Centre de Chatillon
54%
T10 La Vallée
54%
M13 Les Agnettes
54%
RER B Fontenay-aux-Roses
52%
Ligne L Le Val d'Or
52%
RER B Bourg-la-Reine
50%
Ligne N Clamart
50%
M12 Corentin Celton
50%
Ligne J Le Stade
50%
Ligne N Bellevue
46%
M3 Louise Michel
46%
Ligne L Vaucresson
46%
RER C Les Grésillons
44%
RER B Les Baconnets
42%
T1 Le Luth
38%
RER B Fontaine Michalon
34%
T2 Les Coteaux
34%
T2 Les Milons
34%
T1 Mairie de Villeneuve-la-Garenne
34%
T2 Belvédère
32%
T2 Faubourg de l'Arche
32%
T2 Jacqueline Auriol
32%
T2 Les Moulineaux
32%
T2 Charlebourg
30%
T10 Malabry
30%
T2 Jacques-Henri Lartigue
28%
T1 La Noue
28%
T1 Le Village
28%
T1 Timbaud
28%
T6, 10 Hôpital Béclère
26%
T2 Brimborion
24%
T1 Chemin des Reniers
24%
T2 Les Fauvelles
24%
T10 Petit-Châtenay
24%
T10 Jardin Parisien
22%
T6 Georges Millandy
20%
T6 Georges Pompidou
20%
T6 Vauban
20%
T2 Victor Basch
20%
T6 Division Leclerc
16%
T10 Le Hameau
16%
T10 Novéos
16%
T6 Pavé Blanc
16%
T10 Théâtre La Piscine
16%
T10 Cité-Jardin
14%
T6 Mail de La Plaine
14%
T10 Les Peintres
12%
T6 Soleil Levant
12%
T10 Vallée aux Loups
10%
Aucun quiz correspondant
Distribution des résultats
% des personnes avec chaque résultat
Percentile par nombre de réponses
Votre historique - résultats
Vous n’avez pas pris ce quiz